Συνοπτική ιστορία της νεώτερης Ελλάδας
Αποθηκεύτηκε σε:
| Κύριος συγγραφέας: | |
|---|---|
| Άλλοι συγγραφείς: | , |
| Μορφή: | Βιβλίο |
| Γλώσσα: | Greek English |
| Δημοσίευση: |
Αθήνα :
Ιστορητής,
c1995.
|
| Σειρά: | Cambridge concise histories
|
| Θέματα: | |
| Ετικέτες: |
Προσθήκη ετικέτας
Δεν υπάρχουν, Καταχωρήστε ετικέτα πρώτοι!
|
MARC
| LEADER | 00000cam a2200000 i 4500 | ||
|---|---|---|---|
| 001 | 1/52170 | ||
| 008 | 960705s1995 gr | ||| |||| ||gre|| | ||
| 020 | |a 9607602161 | ||
| 035 | |l 10027295 | ||
| 040 | |a GR-MyUA |b gre |e AACR2 | ||
| 041 | 1 | |a gre |h eng | |
| 082 | 0 | |a 938 | |
| 100 | 1 | |a Clogg, Richard, |d 1939- | |
| 245 | 1 | 0 | |a Συνοπτική ιστορία της νεώτερης Ελλάδας / |c R. Clogg ; μετάφραση Λύδια Παπαδάκη ; φιλολογική επιμέλεια Μ. Παπαγιαννίδου. |
| 246 | 3 | 4 | |a Συνοπτική ιστορία της νεώτερης Ελλάδας 1770-1990 |
| 260 | |a Αθήνα : |b Ιστορητής, |c c1995. | ||
| 300 | |a xii, 279 σ. : |b εικ. ; | ||
| 490 | 1 | |a (Cambridge concise histories) | |
| 504 | |a Περιέχει ευρετήριο και βιβλιογραφία. | ||
| 651 | 0 | |a Greece |x History. | |
| 651 | 0 | |a Greece |x History |y 1821- | |
| 700 | 1 | |a Παπαδάκη, Λυδία, |e trlf | |
| 700 | 1 | |a Παπαγιαννίδου, Μ. |e edtf | |
| 765 | 0 | 8 | |i Μετάφραση του: |t A concise history of Greece / |
| 830 | 0 | |a Cambridge concise histories | |
| 852 | |a INST |b CHIOS |e 19970122 |h 938 CLO |p 005200010806 |q 005200010806 |t BK |y 0 | ||
| 852 | |a INST |b CHIOS |e 19970122 |h 938 CLO |p 005200010896 |q 005200010896 |t BK |y 0 | ||
| 852 | |a INST |b LESVOS |e 19960705 |h 938 CLO |p 005100009651 |q 005100009651 |t BK |y 0 | ||
| 852 | |a INST |b RHODES |e 20000420 |h 938 CLO |p 005400013586 |q 005400013586 |t BK |y 0 | ||
| 901 | |a BIBL4-2000-1 | ||
| 909 | |a Χ |b 049187 | ||
| 909 | |a Χ |b 049188 | ||
| 909 | |a Ρ |b 073715 | ||
| 909 | |a Λ |b 044228 | ||